<?xml version="1.0" encoding="UTF-8"?><?xml-stylesheet type="text/xsl" href="static/style.xsl"?><OAI-PMH xmlns="http://www.openarchives.org/OAI/2.0/" xmlns:xsi="http://www.w3.org/2001/XMLSchema-instance" xsi:schemaLocation="http://www.openarchives.org/OAI/2.0/ http://www.openarchives.org/OAI/2.0/OAI-PMH.xsd"><responseDate>2026-06-03T12:42:10Z</responseDate><request verb="GetRecord" identifier="oai:riuma.uma.es:10630/4330" metadataPrefix="marc">https://riuma.uma.es/rest/oai/request</request><GetRecord><record><header><identifier>oai:riuma.uma.es:10630/4330</identifier><datestamp>2026-02-03T12:50:31Z</datestamp><setSpec>com_10630_27</setSpec><setSpec>com_10630_3139</setSpec><setSpec>com_10630_10</setSpec><setSpec>col_10630_4290</setSpec></header><metadata><record xmlns="http://www.loc.gov/MARC21/slim" xmlns:dcterms="http://purl.org/dc/terms/" xmlns:doc="http://www.lyncode.com/xoai" xmlns:xsi="http://www.w3.org/2001/XMLSchema-instance" xsi:schemaLocation="http://www.loc.gov/MARC21/slim http://www.loc.gov/standards/marcxml/schema/MARC21slim.xsd">
   <leader>00925njm 22002777a 4500</leader>
   <datafield ind2=" " ind1=" " tag="042">
      <subfield code="a">dc</subfield>
   </datafield>
   <datafield ind2=" " ind1=" " tag="720">
      <subfield code="a">García, María Elena</subfield>
      <subfield code="e">author</subfield>
   </datafield>
   <datafield ind2=" " ind1=" " tag="260">
      <subfield code="c">2010</subfield>
   </datafield>
   <datafield ind2=" " ind1=" " tag="520">
      <subfield code="a">Aeropalinología de la ciudad de Yerba Buena, provincia de Tucumán (Argentina). Durante los&#xd;
años 1999 - 2002 se llevó a cabo la primera caracterización aerobiológica de la ciudad de Yerba Buena. El&#xd;
muestreo atmosférico se realizó con un captador gravimétrico de tipo Durham. El análisis de las muestras&#xd;
permitió la identificación de 46 tipos polínicos. Los granos de polen más relevantes en el muestreo son de&#xd;
especies cultivadas como Cupressaceae, Morus sp., Broussonetia sp., Fraxinus sp., Liquidambar sp., Salix sp.&#xd;
y Pinus sp. Desde julio a octubre se obtuvo el mayor registro de polen atmosférico con el 70,84 % anual, con&#xd;
una predominancia de granos de polen de especies arbóreas, el 25,05 % de noviembre a abril con un aporte&#xd;
principalmente de granos de polen de especies herbáceas y el 3,57 % de mayo a junio sin contribuciones&#xd;
dominantes de algún tipo polínico. Se elaboró un calendario polínico basado en los 17 tipos de polen de&#xd;
mayor registro atmosférico y se lo comparó con calendarios polínicos obtenidos en ciudades del país. La&#xd;
floración en las Sierra del San Javier en Tucumán, es marcadamente estacional con una acumulación de más&#xd;
de 70% de las especies que florecen en el período primaveral. El muestreo continuado a lo largo de 3 años ha&#xd;
permitido observar que las variaciones polínicas estacionales de la atmósfera de la ciudad de Yerba Buena&#xd;
se hallan en relación con los factores fenológicos y meteorológicos propios de cada año.</subfield>
   </datafield>
   <datafield ind1="8" ind2=" " tag="024">
      <subfield code="a">Acta Botánica Malacitana, Nº35, 2010, Págs. 115-131</subfield>
   </datafield>
   <datafield ind1="8" ind2=" " tag="024">
      <subfield code="a">02109506</subfield>
   </datafield>
   <datafield ind1="8" ind2=" " tag="024">
      <subfield code="a">http://hdl.handle.net/10630/4330</subfield>
   </datafield>
   <datafield tag="653" ind2=" " ind1=" ">
      <subfield code="a">Palinología</subfield>
   </datafield>
   <datafield tag="653" ind2=" " ind1=" ">
      <subfield code="a">Atmósfera - Tucumán</subfield>
   </datafield>
   <datafield ind2="0" ind1="0" tag="245">
      <subfield code="a">Aeropalinología de la ciudad de Yerba Buena, provincia de Tucumán (Argentina)</subfield>
   </datafield>
</record>
</metadata></record></GetRecord></OAI-PMH>